000 00496nam a2200181Ia 4500
999 _c11087
_d11087
003 OSt
005 20200107104831.0
008 190216s9999||||xx |||||||||||||| ||und||
040 _coclc
082 _a332
_bGOR/F
100 _aGordon, E
_91016
245 0 _aFinancial Markets /
_cE Gordon; K Natarajan
250 _a2nd ed.
260 _bHimalaya Publishing House
_c2008
_aMumbai
300 _a305p
650 _aEconomics
942 _cBK
_2ddc
_h332
_iGOR/F
_k332
_mGOR/F